Acuerdo con la UE y salvaguardias se revisan en cita empresarial (Registro nro. 34694)
[ vista simple ]
| 000 -CABECERA | |
|---|---|
| Campo de control interno | 01895nam a22001937a 4500 |
| 005 - FECHA Y HORA DE LA CATALOGACION | |
| Campo de control | 20160712093720.0 |
| 008 - ELEMENTOS DE LONGITUD FIJA - INFORMACION | |
| Elementos de Longitud Fija - Informaci | 160712b xxu||||| |||| 00| 0 eng d |
| 040 ## - ORIGEN DE LA CATALOGACION | |
| Origen de la Catalogación | ANE |
| 041 ## - CODIGO DE LENGUAJE | |
| Código de lenguaje del texto | Es |
| 082 ## - NUMERO DE CLASIFICACION DECIMAL DEWEY | |
| 1ra. Clasificación | TV-2990 |
| 100 ## - ENTREVISTADO | |
| Entrevistado | Arosemena, Pablo |
| Rol del entrevistado | presidente de la Cámara de Comercio de Guayaquil |
| 245 ## - TÍTULO GENERAL | |
| Título | Acuerdo con la UE y salvaguardias se revisan en cita empresarial |
| 260 ## - EDITORIAL | |
| Ciudad | Quito |
| Televisora que emite el programa | Ecuavisa |
| Fecha del Programa | 2016-07-11 |
| 300 ## - DESCRIPCION | |
| Duración en minutos, horas (del programa) | p. |
| 520 ## - RESUMEN | |
| Resumen | "Extender las salvaguardias no tiene pie ni cabeza". Con esta aseveración el presidente de la Cámara de Comercio de Guayaquil, Pablo Arosemena, rechaza la vigencia de estos aranceles, tras la decisión del Comité de Comercio Exterior (Comex) de diferir el desmantelamiento de las salvaguardias para las sobretasas del 40%, 25% y 15% previsto para abril, mayo y junio de este año. Estas salvaguardias serán eliminadas paulatinamente en abril y mayo del 2017. Lo dijo en una reunión que sostuvo el Comité Empresarial Ecuatoriano con el ministro de Comercio Exterior, Juan Carlos Cassinelli, en Guayaquil. Además, se refiere a una apertura de mercado. "Necesitamos abrir mercados, bajar impuestos y más libertad". 12:39 El Comercio Cassinelli se reúne con empresarios antes de su gira por EE.UU. 13:50 El Telégrafo Cassinelli: "Ecuador firmará el acuerdo comercial con la UE este año" |
| 650 ## - DESCRIPTORES - TEMAS | |
| Temas - Descriptores | aranceles/presidente de la Cámara de Comercio de Guayaquil/ ministro de Comercio Exterior/ Comité Empresarial Ecuatoriano/economía nacional/Internacional/salvaguardias/ rechaza la vigencia de estos aranceles/ Comité de Comercio Exterior (Comex)/desmantelamiento salvaguardias/ sobretasas del 40%, 25% y 15% previsto para abril, mayo y junio de este año/salvaguardias serán eliminadas paulatinamente en abril y mayo del 2017/ |
| 700 ## - Otros entrevistados | |
| Otros entrevistados | Cassinelli, Juan Carlos |
| Rol de otros entrevistados | ministro de Comercio Exterior |
| 942 ## - ELEMENTOS DE KOHA | |
| Esquema de Clasificaci | |
| Tipo de Documento | Material Multimedia (radio y televisión) |
| Catalogador | IES. |
| Withdrawn status | Lost status | Fuente de Clasificaci | Damaged status | Not for loan | Ubicaci | Biblioteca | Fecha de Adquisición | Signatura Topogr | Código de barras | Date last seen | Price effective from | Tipo de Item |
|---|---|---|---|---|---|---|---|---|---|---|---|---|
| Biblioteca Asamblea Nacional | Biblioteca Asamblea Nacional | 2016-07-12 | TV-2990 | TV-2990 | 2016-07-12 | 2016-07-12 | Material Multimedia (radio y televisión) |